000
00286 a2200109 4500
082
_a
346.5491082
090
_c
1165
_d
1165
245
_a
Practice and Law of Banking
260
_a
Karachi
_b
The Institute of Bankers in Pakistan
_c
1995
300
_a
151p
942
_a
NBS
_c
BK
_k
346.5491082 IBP
999
_c
343695
_d
343695